Everybody hates school dances / (Record no. 3554)

MARC details
000 -LEADER
fixed length control field 01240nam a22002417a 4500
001 - CONTROL NUMBER
control field 3554
003 - CONTROL NUMBER IDENTIFIER
control field FISKH
005 - DATE AND TIME OF LATEST TRANSACTION
control field 20240320101645.0
008 - FIXED-LENGTH DATA ELEMENTS--GENERAL INFORMATION
fixed length control field 240320b cb ||||| |||| 00| 0 eng d
040 ## - CATALOGING SOURCE
Original cataloging agency FISK
Language of cataloging eng
Transcribing agency FISK
Modifying agency FISK
050 ## - LIBRARY OF CONGRESS CALL NUMBER
Classification number PZ7.J153585
100 ## - MAIN ENTRY--PERSONAL NAME
Personal name James Brian
Dates associated with a name 1955-
245 ## - TITLE STATEMENT
Title Everybody hates school dances /
Statement of responsibility, etc. Brian James
260 ## - PUBLICATION, DISTRIBUTION, ETC.
Place of publication, distribution, etc. New York :
Name of publisher, distributor, etc. Simon & Schuster,
Date of publication, distribution, etc. 2007
300 ## - PHYSICAL DESCRIPTION
Extent 83 pages :
Dimensions 20 cm
490 ## - SERIES STATEMENT
Materials specified Everybody hates chris
Series statement Book 1
505 ## - FORMATTED CONTENTS NOTE
Formatted contents note M
520 ## - SUMMARY, ETC.
Summary, etc. Fed up with being teased by the school bully, Chris blurts out that he's going to the school dance on Friday with the prettiest girl in Bed-Stuy -- and that he's taking her in a limousine! World travels fast, and soon Chris has only four days to find a date and a limousine, or he'll be the laughingstock of Corleone Jr. High. As if that wasn't bad enough, he somehow lets it slip that he is the best break-dancer in all of Brooklyn -- and all the kids at school want to see him prove it on the dance floor. Can Chris get out of this mess without getting caught or beaten up? Probably not, but he's going to try!
521 8# - TARGET AUDIENCE NOTE
Target audience note estimates
Source Lexiles
700 ## - ADDED ENTRY--PERSONAL NAME
Personal name Brian James
942 ## - ADDED ENTRY ELEMENTS (KOHA)
Source of classification or shelving scheme Dewey Decimal Classification
Koha item type Books
Suppress in OPAC No
Holdings
Withdrawn status Lost status Source of classification or shelving scheme Damaged status Not for loan Collection Home library Current library Shelving location Date acquired Total Checkouts Full call number Barcode Date last seen Copy number Price effective from Koha item type
    Dewey Decimal Classification     Fiction Footprints International School Library Network Toul Kork Campus Footprints International School Library Network Toul Kork Campus   03/20/2024   JAM PZ7.J153585 2024-0362 03/20/2024 1 03/20/2024 Books